000 01092cam a22003257a 4500
003 CHAP
005 20220329142950.0
008 050429d2005 mx a r 00110 spa d
010 _a90232
011 _a91204
020 _a9702605563
035 _a101762
040 _cCHAP
082 0 4 _a516
_bO8 2005
100 0 0 _aOteyza de Oteyza, Elena de.
_984326
245 1 0 _aGeometría analítica
_c/por Elena de Oteyza de Oteyza [y otros]
250 _a2 ed.
260 _aMéxico D. F. :
_bPearson Educación,
_c2005
300 _a491 p. :
_bilus. ; gráfs. ; + 1 disco compacto 4 3/4 plgs.
590 _aBATCH-UPD
_b10
_c20130110
_lUCH01
_h0812
590 _aBATCH-UPD
_b10
_c20130410
_lUCH01
_h0449
590 _aBATCH-UPD
_b10
_c20130914
_lUCH01
_h1540
590 _aCONVERSION
_b10
_c20130109
_lUCH01
_h1350
650 1 4 _aGeometría analítica.
_947654
901 _aBK
905 _aMarco A. Mendoza T.
942 _cLIBRO
949 _a516 O8 2005
_bBC
_cCD
_d33724002027306
_eLIBRO
_fCD
_i101762
_sb
949 _a516 O8 2005
_bBC
_cLIBRO
_d33724000954632
_eLIBRO
_gI.c/e
_h105575
_i101762
_so
_t$149.00
999 _c90232
_d90232